| 000 | 00795nam a2200241Ia 4500 | ||
|---|---|---|---|
| 003 | IN-BaIIA | ||
| 008 | 211028s9999 xx 000 0 eng d | ||
| 020 | _a0-12-082815-4 | ||
| 040 | _cIIA Library | ||
| 080 |
_a538 _bBAU |
||
| 100 |
_aBauer, Frances _913651 |
||
| 245 | 4 |
_aThe beta equilibrium, stability, and transport codes _bapplications to the design of stellarators _cFrances Bauer…[et al.] |
|
| 260 |
_aBoston _bAcademic Press _c1987 |
||
| 300 | _aviii, 192p. | ||
| 490 | _aPerspectives in physics | ||
| 650 | _aEquilibrium | ||
| 650 |
_aMonte Carlo method _96105 |
||
| 650 |
_aStellarator _923614 |
||
| 700 |
_aBetancourt, Octavio _923615 |
||
| 700 |
_aGarabedian, Paul _923616 |
||
| 700 |
_aWakatani, Masahiro _923617 |
||
| 942 | _cBK | ||
| 999 |
_c13466 _d13466 |
||